Rock bands by music 2 - Statistics

General Stats
  • This quiz has been taken 285 times
  • The average score is 6 of 28
Answer Stats
Hint Answer % Correct
Paint It Black The Rolling Stones
80%
Should I Stay or Should I Go The Clash
67%
Born To Be Wild Steppenwolf
58%
Bittersweet Simphony The Verve
55%
Walk Of Life Dire Straits
45%
Alive Pearl Jam
42%
R U Mine? Arctic Monkeys
39%
Sweet Dreams Marilyn Manson
33%
Beth Kiss
28%
Falling Away From Me Korn
27%
Slow Ride Foghat
25%
I Ran So Far Away A Flock Of Seagulls
20%
Mississippi Queen Mountain
20%
Maria Blondie
12%
Metalingus Alter Bridge
10%
Private Idaho The B-52'
8%
All this things I hate Bullet For My Valentine
7%
Wonderboy Tenacious D
7%
Next Contestant Nickelback
6%
Jerk It Out The Caesars
6%
Beyond the Realms of Death Judas Priest
5%
Story Of My Life Social Distortion
5%
Don't Tell Me Avril Lavigne
3%
Anna Julia Los Hermanos
2%
Ela Roubou meu Caminhão Matanza
2%
Paraíso Proibido Strike
1%
Love Will Set You Free Whitesnake
1%
In Reverse The Passenger
0%
No matching quizzes found
Score Distribution
Percent of People with Each Score
Percentile by Number Answered
Your Score History
You have not taken this quiz